Gaming Quiz

Random Gaming Quiz

Modern Warfare 2 Killstreak Rewards Quiz Stats

Quiz not verified by Sporcle

Also try: 'E'-Less Pokémon
Challenge
Share
Tweet
Embed
Score 0/15 Timer 03:00
0 Plays Today
Type Killstreak % Correct
Unmaned Aerial VehicleUAV
92.9%
Care Package
86.8%
Unmaned Aerial VehicleCounter UAV
80%
Electromagnetic pluseEMP
79%
Controlable HelicopterChopper Gunner
76.6%
Assult CarrierAC-130
73.6%
AGM MissilePredator Missile
72.5%
HelicopterPave Low
72.2%
Type Killstreak % Correct
Nuclear missileTactical Nuke
70.2%
HelicopterAttack Helicopter
65.4%
Deployable Aerial PackageSentry Gun
64.7%
AirstrikeHarrier Strike
61.7%
AirstrikeStealth Bomber
51.9%
AirstrikePercision Airstrike
10.8%
Multiple Aerial PackagesEmegency Airdrop
4.1%

You're not logged in!

Compare scores with friends on all Sporcle quizzes.
Sign Up with Email
OR
Log In

You Might Also Like...

Show Comments

Extras

Top Quizzes Today


Score Distribution

Your Account Isn't Verified!

In order to create a playlist on Sporcle, you need to verify the email address you used during registration. Go to your Sporcle Settings to finish the process.